000 01258njm a2200313Ia 4500
001 26638
003 IT-RoPAU
005 20220918181110.0
008 131025s9999 xx 000 0 und d
040 _aIT-RoPAU
040 _cIT-RoPAU
041 _aITAL/TED
999 _c98944
_d98944
999 _bSI
100 _aBach Johann Sebastian
_915998
100 _eAutore musica
_915999
100 _gCodice autore musica SPICS: 9695
_916000
245 _aCantate sacre di J.S. Bach (Le) 9
250 _a1a ed.
260 _aROMA
260 _bSPICS RECORDS
_c1984 [1a Ed.:1984 - Ed. Lingua Orig.: 1984]
300 _aMUSICASSETTA
300 _c90 minuti (Testo: pag.)
500 _aMusica sacra
505 _aCantata BWV 065 Sie Werden Aus Saba alle Konnen. - Cantata BWV 123 Liebster Immanuel, Herzog Der Frommen. - Cantata BWV 248 VI Herr, Wenn Die Stolzen Feinde Schnauben - Cantata BWV 032 Liebster Jesu, Mein Verlangen. - Cantata BWV 124 Meinen Jesum Lass Ich Nicht. - Cantata BWV 058 Ach Gott, Wie Manches Herze Leid.
650 _aMUSICA SACRA [CASSETTE]
_eCodice MATERIA SPICS: 9951
_916001
700 _aBasso Alberto
_eInterprete
_gCodice interprete SPICS: 9484
_916002
700 _aBasso Alberto
_gCodice autore SPICS: 9484
_eAutore
_916003
942 _cMC
_2ddc